00476 2200169 4500001002100000005001500021035002000036007000300056008004100059082001000100084001400110245008100124260002700205300003600232650002700268990001100295INLIS00000000000794920210406031414 a0010-0421000093ta210406 g 0 ind  aR.810 aR.810 MEL aMelayu Berpantun Anti Narkoba ...! :bKumpulan Pantun tentang Bahaya Narkoba a[s.l] :b[s.n],c[s.a] aii, 180 hal. :bilus. ;c21 cm. 4aKESUSASTRAAN INDONESIA a4053 a